000 00293nam a22001337a 4500
008 170424b xxu||||| |||| 00| 0 eng d
020 _a9780139089060
041 _aeng
080 _a54
100 _a12
101 _aSHM
245 _aINTRODUCTORY CHEMISTRY
_cCORWIN, CH.H
942 _2udc
_cBK
999 _c11780
_d11780